Представление документа в формате MARC21

Поле Инд. ПП Название Значение
Тип записи a
Библиографический уровень a
001 Контрольный номер RU/IS/BASE/464871763
005 Дата корректировки 20150513113550.7
020 a ISBN 978-5-9903350-1-1
040 a Служба первич. каталог. НБ ТвГУ
b Код языка каталог. rus
e Правила каталог. PSBO
041 0_ a Код языка текста ukr
100 1_ a Автор Генов Е. П.
245 10 a Заглавие Българските портални туристически сайтове - текущо състояние и възможности за развитие
260 a Место издания Махачкала
b Издательство Филиал ФГБОУ ВПО "Российский государственный университет туризма и сервиса" в г. Махачкале
c Дата издания 2011
504 a Библиография Библиогр.: с. 16 (6 назв.)
520 a Аннотация Статья посвящена българските портални туристически сайтове - текущо състояние и възможности за развитие.
653 a Ключевые слова Българските портални
a Ключевые слова Варна, город
a Ключевые слова Възможности за развитие
a Ключевые слова Интерфейс
a Ключевые слова Туризм
a Ключевые слова Туристически сайтове
773 08 w Контрольный № источника RU/IS/BASE/403184222
a Заголовок основной записи Стратегия развития туризма и рекреации : международная научно-практическая конференция
t Название источника Материалы Международной научно-практической конференции "Стратегия развития туризма и рекреации"
d Место и дата издания Махачкала : Филиал ФГБОУ ВПО "Российский государственный университет туризма и сервиса" в г. Махачкале, 2011
g Прочая информация С. 14-16
901 t Тип документа a
920 a Оператор Кома